Ekonomické a odborné vzdelávanie pri výučbe cudzích jazykov

Globalizácia a potreba komunikácie v cudzích jazykoch. Vzájomné prepojenie lingvistiky a ekonomiky s ostatnými študijnými odbormi v rámci humanitných a prírodných vied. Autori charakterizujú súčasnú situáciu a dávajú príklady ako je možné spojiť lingvistiku a ekonomiku vo vyučovacom procese.

Salvato in:
Dettagli Bibliografici
Autore principale: Melušová, Elena, 1953-
Altri autori: Benčič, Stanislav
Natura: Capitolo di libro
Lingua:slovacco
Soggetti:
Tags: Aggiungi Tag
Nessun Tag, puoi essere il primo ad aggiungerne!!

MARC

LEADER 00000naa$a2200000$$$4500
001 0179249
005 20240502073039.1
041 0 |a slo 
044 |a SK 
245 1 0 |a Ekonomické a odborné vzdelávanie pri výučbe cudzích jazykov  |c Elena Melušová, Stanislav Benčič 
520 |a Globalizácia a potreba komunikácie v cudzích jazykoch. Vzájomné prepojenie lingvistiky a ekonomiky s ostatnými študijnými odbormi v rámci humanitných a prírodných vied. Autori charakterizujú súčasnú situáciu a dávajú príklady ako je možné spojiť lingvistiku a ekonomiku vo vyučovacom procese. 
610 2 0 |a komunikácia 
610 2 0 |a jazyky cudzie 
610 2 0 |a jazykoveda 
610 2 0 |a ekonómia 
610 2 0 |a vzdelávanie 
100 1 |a Melušová, Elena, 1953- 
700 1 |a Benčič, Stanislav